<?xml version="1.0" encoding="UTF-8"?>
<record
    xmlns:xsi="http://www.w3.org/2001/XMLSchema-instance"
    xsi:schemaLocation="http://www.loc.gov/MARC21/slim http://www.loc.gov/standards/marcxml/schema/MARC21slim.xsd"
    xmlns="http://www.loc.gov/MARC21/slim">

  <leader>00401nam a22001097a 4500</leader>
  <datafield tag="999" ind1=" " ind2=" ">
    <subfield code="c">65863</subfield>
    <subfield code="d">65860</subfield>
  </datafield>
  <datafield tag="100" ind1=" " ind2=" ">
    <subfield code="a">Muhammad Shafique </subfield>
    <subfield code="a">10MSIT14</subfield>
    <subfield code="a">Supervisor - Prof.Dr. Muhammad Sulleman Memon</subfield>
  </datafield>
  <datafield tag="245" ind1=" " ind2=" ">
    <subfield code="a">Performance Analysis of Green House Monitoring System Using Zigbee Technology </subfield>
  </datafield>
  <datafield tag="260" ind1=" " ind2=" ">
    <subfield code="a">Nawbshah</subfield>
    <subfield code="b">QUEST</subfield>
    <subfield code="c">2019</subfield>
  </datafield>
  <datafield tag="700" ind1=" " ind2=" ">
    <subfield code="a">Department of Information Technology </subfield>
  </datafield>
  <datafield tag="856" ind1=" " ind2=" ">
    <subfield code="u">http://tinyurl.com/ms9dddcb</subfield>
  </datafield>
  <datafield tag="942" ind1=" " ind2=" ">
    <subfield code="c">THESIS</subfield>
  </datafield>
  <datafield tag="952" ind1=" " ind2=" ">
    <subfield code="0">0</subfield>
    <subfield code="1">0</subfield>
    <subfield code="4">0</subfield>
    <subfield code="7">0</subfield>
    <subfield code="a">RESEARCH</subfield>
    <subfield code="b">RESEARCH</subfield>
    <subfield code="d">2019-10-15</subfield>
    <subfield code="l">0</subfield>
    <subfield code="p">MP/52-643</subfield>
    <subfield code="r">2019-10-15 00:00:00</subfield>
    <subfield code="y">THESIS</subfield>
  </datafield>
  <datafield tag="952" ind1=" " ind2=" ">
    <subfield code="0">0</subfield>
    <subfield code="1">0</subfield>
    <subfield code="4">0</subfield>
    <subfield code="7">0</subfield>
    <subfield code="a">RESEARCH</subfield>
    <subfield code="b">RESEARCH</subfield>
    <subfield code="d">2023-12-21</subfield>
    <subfield code="l">0</subfield>
    <subfield code="p">MP/44-505</subfield>
    <subfield code="r">2023-12-21 00:00:00</subfield>
    <subfield code="w">2023-12-21</subfield>
    <subfield code="y">THESIS</subfield>
  </datafield>
</record>
